Benfica Squad 24/25 - Statistics

General Stats
  • This quiz has been taken 217 times
  • The average score is 18 of 25
Answer Stats
# Nation Former Club Answer % Correct
1 Ukraine Shakhtar Anatoliy Trubin
95%
4 Portugal Youth Antonio Silva
89%
11 Argentina PSG Angel Di Maria
88%
10 Turkey Feyenoord Orkun Kokcu
88%
3 Spain Man United Alvaro Carreras
84%
6 Denmark Slavia Prague Alexander Bah
83%
30 Argentina Man City Nicolas Otamendi
83%
14 Greece AZ Vangelis Pavlidis
83%
8 Norway Feyenoord Fredrik Aursnes
80%
17 Turkey Galatasaray Kerem Akturkoglu
79%
9 Brazil Fiorentina Arthur Cabral
76%
7 Switzerland Burnley Zeki Amdouni
76%
18 Luxembourg Mainz Leandro Barreiro
74%
44 Portugal Youth Tomas Araujo
68%
25 Argentina Velez Sarsfield Gianluca Prestianni
64%
20 Portugal Inter Joao Mario
63%
85 Portugal PSG Renato Sanches
63%
61 Portugal Youth Florentino
60%
28 Burkina Faso Man City Issa Kabore
58%
37 Germany Heidenheim Jan-Niklas Beste
58%
21 Denmark Nordsjaelland Andreas Schjelderup
56%
32 Argentina Estudiantes Benjamin Rollheiser
55%
23 France Torino Soualiho Meite
48%
47 Portugal Youth Tiago Gouveia
44%
24 Portugal Youth Samuel Soares
43%
No matching quizzes found
Score Distribution
Percent of People with Each Score
Percentile by Number Answered
Your Score History
You have not taken this quiz